000 00575cam a22002291 4500
001 sa 66002577
003 DLC
005 20260227112230.0
008 890731s1964 ii 000 0 tamo
010 _asa 66002577
035 _a(OCoLC)20102176
040 _aDLC
_cWaU
_dDLC
042 _apremarc
050 0 0 _aPL4758.9.B44
_bZ86
100 0 _aRakunātan̲,
_d1923-
245 1 0 _aPāratiyum Ṣelliyum.
260 _c[1964]
300 _a295 p.
_c19 cm.
500 _aIn Tamil.
600 0 0 _aPāratiyār,
_d1882-1921.
600 1 0 _aShelley, Percy Bysshe,
_d1792-1822.
999 _c68457
_d68457